ARRUPE JESUIT UNIVERSITY

CORONAVIRUS -STOP THE SPREAD - CLEAN,DISINFECT,COVER
Normal view MARC view

Entry Personal Name

Number of records used in: 1

001 - CONTROL NUMBER

  • control field: 40752

003 - CONTROL NUMBER IDENTIFIER

  • control field: ARRUPE

005 - DATE AND TIME OF LATEST TRANSACTION

  • control field: 20180320094352.0

008 - FIXED-LENGTH DATA ELEMENTS

  • fixed length control field: 180320|| aca||aabn | a|a d

040 ## - CATALOGING SOURCE

  • Original cataloging agency: ARRUPE
  • Transcribing agency: ARRUPE

100 ## - HEADING--PERSONAL NAME

  • Personal name: Eysenck, H. J.
  • Fuller form of name: (Hans Jurgen),
  • Dates associated with a name: 1916-1997.

670 ## - SOURCE DATA FOUND

  • Source citation: Work cat.: (ARRUPE)0: Eysenck, H. J. (Hans Jurgen), 1916-1997., Check your own I.Q., 1966.

 

Arrupe Library. PO Box MP320 Mt Pleasant, Harare, Zimbabwe
263 242 745411|librarian@aju.ac.zw